| 000 | 00456 a2200133 4500 | ||
|---|---|---|---|
| 020 | _a0471201677 (cloth : acid-free paper) | ||
| 082 | _a624.171 FIS | ||
| 100 | _aFisk, Edward R., | ||
| 245 |
_aIntroduction to engineering construction inspection / _cEdward R. Fisk, Randy R. Rapp. |
||
| 260 |
_aHoboken, N.J. : _bWiley, _c2004. |
||
| 300 |
_axiii, 391 p. : _bill. ; _c25 cm. |
||
| 650 | _aBuilding inspection. | ||
| 650 |
_aBuilding _xSuperintendence. |
||
| 650 | _aEngineering inspection. | ||
| 999 |
_c1235 _d1235 |
||